[Event "Opatija op 2nd"]
[Site "Opatija"]
[Date "2014.07.02"]
[Round "5"]
[White "Singer, Richard"]
[Black "Sokac, Marko"]
[Result "0-1"]
[WhiteElo "2254"]
[BlackElo "2112"]
[PlyCount "98"]
[EventDate "2014.06.29"]
[EventType "swiss"]
[EventRounds "9"]
[EventCountry "CRO"]
[SourceTitle "CBM 161 Extra"]
[Source "ChessBase"]
[SourceDate "2014.08.29"]
[SourceVersion "1"]
[SourceVersionDate "2014.08.29"]
[SourceQuality "1"]

1. d4 Nf6 2. c4 e6 3. Nc3 Bb4 4. Qc2 Nc6 5. Nf3 d6 6. a3 Bxc3+ 7. Qxc3 a5 8. b3 Qe7 9. Bb2 0-0 10. e3 Re8 11. Qc2 e5 12. d5 Nb8 13. h3 Bd7 14. Be2 Na6 15. Nd2 Nc5 16. e4 c6 17. b4 axb4 18. axb4 Rxa1+ 19. Bxa1 Ra8 20. 0-0 Na6 21. Bc3 cxd5 22. exd5 b5 23. Ra1 Qe8 24. Ra5 Nc7 25. Qa2 bxc4 26. Bxc4 Rc8 27. Qb3 Nb5 28. Bb2 Rb8 29. Qd3 Rb7 30. f4 exf4 31. Bxf6 gxf6 32. Qe4 Qe5 33. Qxe5 fxe5 34. Ne4 Nd4 35. Nxd6 Rxb4 36. Bd3 Rb3 37. Ra8+ Kg7 38. Ra7 Rxd3 39. Rxd7 Rd1+ 40. Kf2 Kg6 41. Rxf7 Nc2 42. Re7 Rxd5 43. Re6+ Kg5 44. g4 Rd2+ 45. Kg1 Re2 46. Nf7+ Kh4 47. Rxe5 f3 48. Ng5 f2+ 49. Kg2 Ne1+ 0-1